Zelda: Breath of the Wild Towns and Settlements - Statistics

General Stats
  • This quiz has been taken 114 times
  • The average score is 8 of 10
Answer Stats
Hint Answer % Correct
Eldin Goron City
98%
Tabantha Rito Village
96%
________ Wasteland Gerudo Town
95%
Necluda Hateno Village
92%
Necluda Kakariko Village
92%
Lanayru Zora's Domain
89%
Great Hyrule Forest Korok Forest
86%
Akkala Tarrey Town
82%
Faron Lurelin Village
74%
Karusa Valley Yiga Clan Hideout
36%
No matching quizzes found
Score Distribution
Percent of People with Each Score
Percentile by Number Answered
Your Score History
You have not taken this quiz